000 00743nam a2200229Ii 4500
003 JO-AjNU
008 230605s9999||||xx |||||||||||||| ||und||
017 _a2000/9/2717
020 _a978-9957-11-030-7
040 _aJO-AjNU
_bara
_erda
_cJO-AjNU
041 _aara
050 1 4 _aHF 5415 .33 .J6. U33 2012
100 3 _aعبيدات،محمد عبيدات,
_eauthor
_953281
245 0 0 _a سلوك المستهلك : مدخل استراتيجي
250 _aط7
264 3 1 _aعمان:دار وائل للنشر والتوزيع،2012
300 _a608ص
336 _atext
_btxt
_2rdacontent
337 _aunmediated
_bn
_2rdamedia
338 _avolume
_bnc
_2rdacarrier
650 4 _aالتسويق-سلوك المستهلك
_953282
999 _aA23653
_c27221
_d27221